| 000 | 00535nam a2200169 i 4500 | ||
|---|---|---|---|
| 001 | 40311 | ||
| 003 | ES-MaACL | ||
| 005 | 20230906160205.0 | ||
| 007 | t| | ||
| 008 | 030305s1911 sp ||||1| spa d | ||
| 100 | 1 |
_aCarrillo Guerrero, Francisco. _935776 |
|
| 245 | 1 | 0 |
_aGramática elemental de la lengua portuguesa / _cFrancisco Carrillo Guerrero. |
| 260 |
_aMadrid : _b[s.n., _c1911] ( _fHeidelberg Julio Gross) |
||
| 300 |
_aVIII, 219 p. ; _c19 cm. |
||
| 650 | 4 |
_aLengua portuguesa- _xGramática. _914315 |
|
| 852 |
_aES-MaACL _jB-7759 |
||
| 999 |
_c40311 _d40311 |
||